00853nam a2200217 a 4500003000700000005001700007008004100024020001800065040003300083041000800116050002500124110006400149245015000213260004000363300003700403336002800440337003000468338002700498650004600525650006400571CBULib20240808145128.0120726s2012 ||||||||||||||||| || u a9789211128451 aCBULibbEnglishcCBULiberda aeng aUNCTAD(058)TDR/2012B aUnited Nations Conference on Trade and Development (UNCTAD)10aTrade and development report, 1981-2011 : three decades of thinking developmentc/ by United Nations Conference on Trade and Development (UNCTAD) aNew York : bUnited Nations,c2012. aviii, 126 pages : illustrations  2rdacontentaText |btxt 2rdamediaaUnmediated |bn 2rdacarrieraVolumebnc 0aECONOMIC DEVELOPMENT--AFRICA, SUB-SAHARAN 0aINTERNATIONAL ECONOMIC RELATIONS--HANDBOOKS, MANUALS, E.T.C